|
|
|
|
| LEADER |
00890nam a22002652i 4500 |
| 001 |
000117128 |
| 003 |
CZ BrMZK |
| 005 |
20160713122324.0 |
| 007 |
ta |
| 008 |
010907s1989 xo a f slo d |
| 040 |
|
|
|a BOA001
|b cze
|e rda
|
| 080 |
9 |
|
|a 391.8:379.826
|
| 100 |
0 |
|
|a Monogramista T.D,
|d 1947-
|7 jo20010044149
|4 aut
|4 ill
|
| 245 |
1 |
0 |
|a Urob si masku /
|c Dezider Tóth
|
| 250 |
|
|
|a 1. vydanie
|
| 264 |
|
1 |
|a Bratislava :
|b Mladé letá,
|c 1989
|
| 300 |
|
|
|a 127 stran
|
| 336 |
|
|
|a text
|b txt
|2 rdacontent
|
| 337 |
|
|
|a bez média
|b n
|2 rdamedia
|
| 338 |
|
|
|a svazek
|b nc
|2 rdacarrier
|
| 500 |
|
|
|a Pro čitenáře od 9 let
|
| 910 |
|
|
|a BOA001
|b M2-0950.304
|b PK-0111.779
|
| 990 |
|
|
|a BK
|
| 996 |
7 |
|
|b 2619789395
|c M2-0950.304
|l MZK
|r Sklad / do 24 hodin
|n 14
|w 000117128
|u 000010
|a 1
|e BOA001
|j MZK50
|s A
|
| 996 |
7 |
|
|b 3119987391
|c PK-0111.779
|l MZK
|r Sklad / do 1 hodiny
|n 5
|w 000117128
|u 000020
|a 1
|e BOA001
|j MZK50
|s A
|